000 00396nam a2200157Ia 4500
008 151213s9999 xx 000 0 und d
100 _aDaviet Delar
245 _aThe Life of Adventure of Robinson Cruses
_cDaviet Delar
250 _a1st
260 _aGreat Briain
_bWardswaeth
_c2000
300 _a2441 p.
650 _aEnglish
650 _aEnglish
700 _aDaviet Delar
999 _c1697
_d1697